Statystyki dla Państwa podobne do polskich województw według ludności

Kliknij tutaj aby rozwiązać quiz!

Ogólne statystyki

  • Ten quiz został rozwiązany 22 854 razy
  • Średni wynik to 11 z 16

Odpowiedzi na mapie

Odpowiedzi skodowane kolorowo w zielono-czerwonej skali na mapie do tego quizu, zgodnie z poniższymi procentami.
 

Statystyki odpowiedzi

Mapa z flagąWojewództwoPaństwo% Poprawnych
14mazowieckieNorwegia
97%
26świętokrzyskieCypr
96%
06lubelskieMacedonia Północna
96%
04kujawsko-pomorskieSłowenia
95%
12małopolskieBośnia i Hercegowina
94%
02dolnośląskieKatar
93%
30wielkopolskieUrugwaj
91%
32zachodniopomorskieBahrajn
69%
22pomorskieBotswana
61%
16opolskieFidżi
55%
18podkarpackieLesotho
55%
20podlaskieEswatini
52%
24śląskieMauretania
52%
08lubuskieDżibuti
44%
10łódzkieGambia
41%
28warmińsko-mazurskieGwinea Równikowa
40%

Rozkład punktacji

Percentyl według liczby udzielonych odpowiedzi

Procent ludzi z każdym wynikiem

Twoja historia wyników

Nie rozwiązałeś tego quizu